00805nam a2200193 a 450000100100000000500170001000800410002704000250006808200150009310000280010824000330013624501960016926000510036530000340041649000120045083000190046295201130048199900170059400003549620200930074403.0111102s1963 sp b 000 0 spa d aDO-SdBNPbspacBNPHU axxxxbB8771 aBrown, Lyndon O.96137010aAdvertising medialespañol14aLos miedos publicitarios :bSu estudio metódico para elegirlos y coordinarlos en la estrategia de las campañas de publicidad /cLyndon O. Brown, Richard S. Lessler, William M. Weilbacher. aBarcelona, España :bHispano Europeo,c1963. avii, 484 p. :bmapa ;c21 cm.1 aGalileo 0aGalileo961371 001050718MOaGRbGRcCTd2011-11-02iLF1l0oxxxx B877p35496-10r2020-06-25w2020-06-25y1ZNo se presta c34987d34987